[Event "GBR-ch111 Over 50"]
[Site "Liverpool"]
[Date "2025.08.06"]
[Round "3.5"]
[White "Ledger, Stephen C"]
[Black "McMichael, Richard J"]
[Result "0-1"]
[WhiteElo "2033"]
[BlackElo "2112"]
[PlyCount "102"]
[EventDate "2025.08.04"]
[EventType "swiss"]
[EventRounds "7"]
[EventCountry "GBR"]
[SourceTitle "BritBase"]
[Source "John Saunders"]
[SourceDate "2025.08.11"]
[SourceVersion "1"]
[SourceVersionDate "2025.08.11"]
[SourceQuality "1"]

1. d4 e6 2. Nf3 f5 3. g3 Nf6 4. Bg2 d5 5. c4 c6 6. O-O Bd6 7. b3 Qe7 8. a4 O-O 9. Ba3 Ne4 10. Bxd6 Nxd6 11. Nbd2 Bd7 12. Ne5 Be8 13. e3 Nd7 14. Nxd7 Bxd7 15. Qc2 Be8 16. c5 Nf7 17. f4 g5 18. b4 Nh8 19. Rfb1 Ng6 20. Nf3 h6 21. b5 Kh8 22. Bf1 Rg8 23. Kf2 Rg7 24. Rb2 Bd7 25. a5 gxf4 26. exf4 cxb5 27. Bxb5 Bxb5 28. Rxb5 Rag8 29. Qd2 Qc7 30. Re1 Qc6 31. Rb4 Nf8 32. Ne5 Qe8 33. Qe2 Nh7 34. Reb1 Nf6 35. Rxb7 Ne4+ 36. Ke1 Nc3 37. Qd2 Nxb1 38. Rxb1 h5 39. a6 h4 40. Rb7 hxg3 41. hxg3 Qh5 42. Qe2 Qh3 43. Qe3 Rf8 44. Rxg7 Kxg7 45. Nd7 Rf7 46. Qe5+ Kg8 47. Qxe6 Qxg3+ 48. Ke2 Qg2+ 49. Kd1 Qf1+ 50. Kc2 Qc4+ 51. Kb1 Qb5+ 0-1

[Event "GBR-ch111 Over 50"]
[Site "Liverpool"]
[Date "2025.08.06"]
[Round "3.6"]
[White "Regan, Natasha K"]
[Black "Moyse, Nigel J"]
[Result "1/2-1/2"]
[WhiteElo "2064"]
[BlackElo "1944"]
[PlyCount "23"]
[EventDate "2025.08.04"]
[EventType "swiss"]
[EventRounds "7"]
[EventCountry "GBR"]
[SourceTitle "BritBase"]
[Source "John Saunders"]
[SourceDate "2025.08.11"]
[SourceVersion "1"]
[SourceVersionDate "2025.08.11"]
[SourceQuality "1"]

1. Nf3 Nf6 2. c4 c5 3. g3 Nc6 4. Nc3 d6 5. Bg2 g6 6. O-O Bg7 7. d4 cxd4 8. Nxd4 Nxd4 9. Qxd4 O-O 10. Qd3 Rb8 11. Rb1 Be6 12. b3 1/2-1/2

[Event "GBR-ch111 Over 50"]
[Site "Liverpool"]
[Date "2025.08.06"]
[Round "3.7"]
[White "Handley, Michael R"]
[Black "Duncan, Chris R"]
[Result "1/2-1/2"]
[WhiteElo "1974"]
[BlackElo "2196"]
[PlyCount "69"]
[EventDate "2025.08.04"]
[EventType "swiss"]
[EventRounds "7"]
[EventCountry "GBR"]
[SourceTitle "BritBase"]
[Source "John Saunders"]
[SourceDate "2025.08.11"]
[SourceVersion "1"]
[SourceVersionDate "2025.08.11"]
[SourceQuality "1"]

1. d4 d5 2. c4 c6 3. cxd5 cxd5 4. Nc3 e5 5. dxe5 d4 6. Ne4 Qd5 7. Nd6+ Bxd6 8. exd6 Qxd6 9. Nf3 Nc6 10. g3 Nge7 11. Bg2 O-O 12. O-O Bg4 13. Qa4 a6 14. Bf4 Qd7 15. Rfd1 Rfd8 16. Rac1 h6 17. Qb3 Rac8 18. Bd2 Be6 19. Qa3 Bh3 20. Bb4 Bxg2 21. Kxg2 Nxb4 22. Rxc8 Qxc8 23. Qxb4 Nc6 24. Qb6 Qd7 25. Rd3 Qe7 26. Nxd4 Nxd4 27. Rxd4 Rxd4 28. Qxd4 Qxe2 29. h4 g6 30. Qd8+ Kg7 31. Qd4+ Kh7 32. a3 Kg8 33. Qd8+ Kg7 34. Qd4+ Kg8 35. Qd8+ 1/2-1/2

[Event "GBR-ch111 Over 50"]
[Site "Liverpool"]
[Date "2025.08.06"]
[Round "3.8"]
[White "Coffey, Mike J"]
[Black "Archer-Lock, Christopher J"]
[Result "1/2-1/2"]
[WhiteElo "1894"]
[BlackElo "1974"]
[PlyCount "60"]
[EventDate "2025.08.04"]
[EventType "swiss"]
[EventRounds "7"]
[EventCountry "GBR"]
[SourceTitle "BritBase"]
[Source "John Saunders"]
[SourceDate "2025.08.11"]
[SourceVersion "1"]
[SourceVersionDate "2025.08.11"]
[SourceQuality "1"]

1. d4 d5 2. Bf4 c5 3. c3 Nc6 4. e3 Nf6 5. Nd2 cxd4 6. exd4 g6 7. Ngf3 Bg7 8. Bd3 Nh5 9. Bg5 Qd6 10. Qe2 Nf4 11. Bxf4 Qxf4 12. O-O Bg4 13. h3 Bxf3 14. Nxf3 O-O 15. Rfe1 e6 16. Qe3 Qxe3 17. Rxe3 a6 18. a3 b5 19. Nd2 Na5 20. Re2 Bh6 21. Rae1 Rfc8 22. g3 Bxd2 23. Rxd2 Nc4 24. Rde2 a5 25. Rc1 Rab8 26. Rec2 Kg7 27. Kf1 Rc7 28. Ke2 a4 29. h4 h5 30. f4 Kf6 1/2-1/2

[Event "GBR-ch111 Over 50"]
[Site "Liverpool"]
[Date "2025.08.06"]
[Round "3.9"]
[White "Baker, Chris W"]
[Black "Cook, Phil"]
[Result "1-0"]
[WhiteElo "2187"]
[BlackElo "1844"]
[PlyCount "71"]
[EventDate "2025.08.04"]
[EventType "swiss"]
[EventRounds "7"]
[EventCountry "GBR"]
[SourceTitle "BritBase"]
[Source "John Saunders"]
[SourceDate "2025.08.11"]
[SourceVersion "1"]
[SourceVersionDate "2025.08.11"]
[SourceQuality "1"]

1. e4 c5 2. Nf3 e6 3. Nc3 a6 4. g3 b5 5. Bg2 Bb7 6. d3 Nc6 7. O-O d6 8. Re1 b4 9. Ne2 e5 10. Nd2 Be7 11. Nc4 h5 12. c3 a5 13. d4 Ba6 14. Qa4 Bxc4 15. Qxc6+ Kf8 16. dxe5 dxe5 17. Be3 Ra6 18. Qa4 Nf6 19. Rad1 Qb8 20. h3 Bb5 21. Qc2 h4 22. g4 g6 23. cxb4 cxb4 24. b3 Ne8 25. Qb2 Ng7 26. Rd5 f6 27. f4 Bc6 28. Rd2 Ne6 29. Rf1 Kg8 30. Qc1 Bb5 31. f5 gxf5 32. exf5 Ng5 33. Rfd1 Kg7 34. Rd7 Rc8 35. Rxe7+ Kf8 36. Bc5 1-0

[Event "GBR-ch111 Over 50"]
[Site "Liverpool"]
[Date "2025.08.06"]
[Round "3.10"]
[White "Farrell, Neil R"]
[Black "Gardiner, Eric D"]
[Result "1/2-1/2"]
[WhiteElo "2134"]
[BlackElo "1869"]
[PlyCount "71"]
[EventDate "2025.08.04"]
[EventType "swiss"]
[EventRounds "7"]
[EventCountry "GBR"]
[SourceTitle "BritBase"]
[Source "John Saunders"]
[SourceDate "2025.08.11"]
[SourceVersion "1"]
[SourceVersionDate "2025.08.11"]
[SourceQuality "1"]

1. d4 d5 2. c4 e6 3. Nf3 a6 4. cxd5 exd5 5. Nc3 c6 6. Qc2 Nf6 7. Bf4 Bd6 8. Bxd6 Qxd6 9. e3 O-O 10. Bd3 g6 11. O-O Be6 12. h3 Nbd7 13. Rac1 c5 14. dxc5 Nxc5 15. Nd4 Rac8 16. Rfd1 Qe5 17. Qe2 Nxd3 18. Qxd3 Rfd8 19. Nce2 Ne4 20. Nxe6 fxe6 21. Qd4 Qxd4 22. exd4 Kf7 23. f3 Nd6 24. Kf2 Nc4 25. Rb1 Kf6 26. b3 Na3 27. Rbc1 Nc2 28. Rd2 Nb4 29. a3 Rxc1 30. Nxc1 Rc8 31. Ne2 Nc2 32. a4 Nb4 33. Ke3 Nc2+ 34. Kf2 Nb4 35. Ke3 Nc2+ 36. Kf2 1/2-1/2

[Event "GBR-ch111 Over 50"]
[Site "Liverpool"]
[Date "2025.08.06"]
[Round "3.11"]
[White "Potter, Steven"]
[Black "Neave, George"]
[Result "0-1"]
[WhiteElo "1855"]
[BlackElo "2066"]
[PlyCount "146"]
[EventDate "2025.08.04"]
[EventType "swiss"]
[EventRounds "7"]
[EventCountry "GBR"]
[SourceTitle "BritBase"]
[Source "John Saunders"]
[SourceDate "2025.08.11"]
[SourceVersion "1"]
[SourceVersionDate "2025.08.11"]
[SourceQuality "1"]

1. d4 Nf6 2. Bg5 g6 3. h4 h5 4. Bxf6 exf6 5. e3 d5 6. Bd3 Bd6 7. Nf3 Nd7 8. c3 c6 9. Qc2 f5 10. Nbd2 Nf6 11. a3 O-O 12. Ng5 Ne4 13. Ngxe4 fxe4 14. Be2 f5 15. g3 Be6 16. c4 Qe7 17. Nb3 Rac8 18. c5 Bc7 19. Nd2 Qd7 20. b4 Bd8 21. a4 b6 22. Nb3 Be7 23. Qd2 Rc7 24. b5 cxb5 25. cxb6 axb6 26. Bxb5 Qc8 27. Rc1 Bb4 28. Qxb4 Rxc1+ 29. Nxc1 Qxc1+ 30. Ke2 Qxh1 31. Qe7 Bf7 32. Bd7 Qc1 33. Qf6 Rc8 34. Bxc8 Qxc8 35. Qxb6 Qc4+ 36. Ke1 Qxa4 37. Qb8+ Qe8 38. Qd6 Qe6 39. Qd8+ Kg7 40. Qc7 Kg8 41. Kf1 Be8 42. Qb8 Kh7 43. Kg2 Bd7 44. Qc7 g5 45. hxg5 Kg6 46. Qd8 Bb5 47. Kg1 Be2 48. Kh2 Bf3 49. Kg1 h4 50. Kh2 hxg3+ 51. fxg3 Qf7 52. Kg1 Qg7 53. Kf2 Kh5 54. Qxd5 Qc7 55. Qa2 Kg4 56. Qa6 Qxg3+ 57. Kf1 Qg2+ 58. Ke1 Qg1+ 59. Kd2 Qf2+ 60. Kc1 Qxe3+ 61. Kc2 Kxg5 62. Qd6 Qd3+ 63. Kb2 Bg4 64. Qd8+ Kf4 65. Qd6+ Kf3 66. d5 e3 67. Qc6 Qe4 68. Qh6 e2 69. Qh1+ Kg3 70. Qe1+ Kg2 71. d6 Qd4+ 72. Kc2 Qd1+ 73. Qxd1 exd1=Q+ 0-1

[Event "GBR-ch111 Over 50"]
[Site "Liverpool"]
[Date "2025.08.06"]
[Round "3.12"]
[White "Noyce, Robert C"]
[Black "Ridge, Michael"]
[Result "1/2-1/2"]
[WhiteElo "2040"]
[BlackElo "1868"]
[PlyCount "179"]
[EventDate "2025.08.04"]
[EventType "swiss"]
[EventRounds "7"]
[EventCountry "GBR"]
[SourceTitle "BritBase"]
[Source "John Saunders"]
[SourceDate "2025.08.11"]
[SourceVersion "1"]
[SourceVersionDate "2025.08.11"]
[SourceQuality "1"]

1. c4 Nf6 2. Nc3 g6 3. g3 Bg7 4. Bg2 O-O 5. e4 d6 6. Nge2 c5 7. O-O Nc6 8. d3 a6 9. h3 Rb8 10. Be3 b5 11. cxb5 axb5 12. d4 b4 13. Nd5 Nd7 14. dxc5 Nxc5 15. Nd4 Bxd4 16. Bxd4 Ba6 17. Be3 Bxf1 18. Qxf1 Qa5 19. Bg5 f6 20. Bh6 Rf7 21. Qd1 Ne5 22. b3 Qa6 23. Bf1 Qa3 24. Nxe7+ Rxe7 25. Qxd6 Qa7 26. Be3 Rc8 27. Rc1 Qd7 28. Bxc5 Qxd6 29. Bxd6 Rxc1 30. Bxe7 Nf3+ 31. Kg2 Ne1+ 32. Kh1 Kf7 33. Bd6 Nc2 34. Kg1 Ke6 35. Bf4 Ra1 36. g4 g5 37. Bb8 Nd4 38. Kg2 Rxa2 39. Bc4+ Kd7 40. e5 fxe5 41. Bxe5 Ne6 42. Kg3 Nc5 43. f3 Rd2 44. h4 gxh4+ 45. Kxh4 Rd1 46. Kg5 Rb1 47. Kh6 Rh1+ 48. Kg7 Ne6+ 49. Kf6 Rh6+ 50. Kf5 Nd8 51. g5 Rg6 52. Bf6 Nb7 53. Be6+ Ke8 54. Ke5 Nc5 55. f4 Nd7+ 56. Bxd7+ Kxd7 57. f5 Rg8 58. Kd5 Rc8 59. g6 hxg6 60. fxg6 Ke8 61. Bd4 Rc3 62. Bc5 Rxb3 63. Kc4 Rg3 64. Kxb4 Rxg6 65. Kc4 Kd7 66. Kd3 Rg4 67. Ke2 Rg3 68. Bf2 Rb3 69. Be3 Ke6 70. Kf3 Kf5 71. Kf2 Ke4 72. Ba7 Ra3 73. Bb6 Rc3 74. Kg2 Kf4 75. Ba7 Rc2+ 76. Kh1 Rb2 77. Bc5 Kf3 78. Bd4 Re2 79. Bb6 Re6 80. Bc5 Rg6 81. Bd4 Rg4 82. Bb6 Ke2 83. Kh2 Kf3 84. Ba7 Rg6 85. Bc5 Rc6 86. Bd4 Rc2+ 87. Kh1 Rg2 88. Bb6 Rg6 89. Bd4 Rd6 90. Ba7 1/2-1/2

[Event "GBR-ch111 Over 50"]
[Site "Liverpool"]
[Date "2025.08.06"]
[Round "3.13"]
[White "Mason, Donald J"]
[Black "Giulian, Rosemary A"]
[Result "1/2-1/2"]
[WhiteElo "2015"]
[BlackElo "1861"]
[PlyCount "45"]
[EventDate "2025.08.04"]
[EventType "swiss"]
[EventRounds "7"]
[EventCountry "GBR"]
[SourceTitle "BritBase"]
[Source "John Saunders"]
[SourceDate "2025.08.11"]
[SourceVersion "1"]
[SourceVersionDate "2025.08.11"]
[SourceQuality "1"]

1. e4 d5 2. exd5 Qxd5 3. Nf3 Nf6 4. d4 Bf5 5. Be2 e6 6. O-O c6 7. c4 Qd8 8. Nc3 Bd6 9. Re1 O-O 10. Bd3 Bxd3 11. Qxd3 h6 12. Be3 Nbd7 13. Rad1 Qc7 14. g3 Rad8 15. c5 Be7 16. Bf4 Qc8 17. Qe2 Rfe8 18. Ne5 Nxe5 19. Bxe5 Nd5 20. Ne4 f5 21. Nd6 Bxd6 22. Bxd6 Qd7 23. Qh5 1/2-1/2

[Event "GBR-ch111 Over 50"]
[Site "Liverpool"]
[Date "2025.08.06"]
[Round "3.14"]
[White "Swiatkowski, Aram"]
[Black "Homer, Stephen J"]
[Result "0-1"]
[WhiteElo "1844"]
[BlackElo "2005"]
[PlyCount "88"]
[EventDate "2025.08.04"]
[EventType "swiss"]
[EventRounds "7"]
[EventCountry "GBR"]
[SourceTitle "BritBase"]
[Source "John Saunders"]
[SourceDate "2025.08.11"]
[SourceVersion "1"]
[SourceVersionDate "2025.08.11"]
[SourceQuality "1"]

1. e4 c5 2. f4 e6 3. Nf3 Nc6 4. Bb5 Nge7 5. O-O a6 6. Bxc6 Nxc6 7. b3 Be7 8. Bb2 O-O 9. d3 d5 10. Nbd2 b5 11. Qe1 Nb4 12. Qg3 Bf6 13. e5 Be7 14. Ne1 f5 15. c3 Nc6 16. Ndf3 c4 17. dxc4 bxc4 18. b4 a5 19. b5 Qb6+ 20. Kh1 Qxb5 21. Rb1 d4 22. Nc2 d3 23. Ncd4 Nxd4 24. Nxd4 Qd5 25. Bc1 Bd7 26. Be3 Rab8 27. h4 Rb7 28. Rxb7 Qxb7 29. h5 Qb2 30. h6 g6 31. Qf3 Rb8 32. Nc6 Bxc6 33. Qxc6 Kf7 34. Qxc4 Qe2 35. Rf3 Qe1+ 36. Kh2 d2 37. Bxd2 Qxd2 38. Rd3 Qe2 39. Qc7 Qxd3 40. Qxb8 Qd1 41. Qb5 Qh5+ 42. Kg1 Qxh6 43. g3 Qh3 44. Qd3 Bc5+ 0-1

[Event "GBR-ch111 Over 50"]
[Site "Liverpool"]
[Date "2025.08.06"]
[Round "3.15"]
[White "Kee, Steve"]
[Black "Rubeck, Jonathan"]
[Result "1/2-1/2"]
[WhiteElo "1977"]
[BlackElo "1850"]
[PlyCount "114"]
[EventDate "2025.08.04"]
[EventType "swiss"]
[EventRounds "7"]
[EventCountry "GBR"]
[SourceTitle "BritBase"]
[Source "John Saunders"]
[SourceDate "2025.08.11"]
[SourceVersion "1"]
[SourceVersionDate "2025.08.11"]
[SourceQuality "1"]

1. c4 Nf6 2. Nc3 g6 3. e4 d6 4. g3 Bg7 5. Bg2 Nc6 6. Nge2 e5 7. d3 Bg4 8. h3 Bxe2 9. Qxe2 Qd7 10. Be3 h6 11. O-O O-O 12. f4 exf4 13. gxf4 Nh5 14. Kh2 Rae8 15. Bf3 Nf6 16. Qf2 Ne7 17. Rg1 Kh7 18. Rg2 c6 19. d4 d5 20. cxd5 cxd5 21. e5 Nfg8 22. Bg4 Qc7 23. Rag1 Rd8 24. Kh1 f6 25. Qh4 Rf7 26. e6 Rff8 27. Bh5 g5 28. Qg4 f5 29. Qf3 a6 30. Bf7 Nf6 31. fxg5 Ne4 32. gxh6 Bf6 33. Qh5 Nxc3 34. bxc3 Qxc3 35. Rg7+ Kh8 36. Bg6 Qxe3 37. Rh7+ Kg8 38. Bxf5+ Qxg1+ 39. Kxg1 Bxd4+ 40. Kh1 Rxf5 41. Rg7+ Bxg7 42. Qg4 Rf1+ 43. Kg2 Nf5 44. Qg5 Rf8 45. Kxf1 Nxh6+ 46. Ke2 d4 47. Qd5 Rf5 48. Qd8+ Bf8 49. Qxd4 Rb5 50. a4 Rb4 51. Qd5 Be7 52. Qd3 Kg7 53. Qc3+ Kg6 54. Qg3+ Kf6 55. Qc3+ Kg6 56. Qg3+ Kf6 57. Qc3+ Kf5 1/2-1/2

[Event "GBR-ch111 Over 50"]
[Site "Liverpool"]
[Date "2025.08.06"]
[Round "3.16"]
[White "Baer, Bruce L"]
[Black "May, Paul"]
[Result "1/2-1/2"]
[WhiteElo "1938"]
[BlackElo "1815"]
[PlyCount "59"]
[EventDate "2025.08.04"]
[EventType "swiss"]
[EventRounds "7"]
[EventCountry "GBR"]
[SourceTitle "BritBase"]
[Source "John Saunders"]
[SourceDate "2025.08.11"]
[SourceVersion "1"]
[SourceVersionDate "2025.08.11"]
[SourceQuality "1"]

1. d3 g6 2. Nf3 Bg7 3. g3 c5 4. Bg2 Nc6 5. O-O e5 6. e4 Nge7 7. Nc3 O-O 8. Nd2 d6 9. Nc4 Be6 10. f4 f5 11. fxe5 dxe5 12. Be3 Nd4 13. Kh1 Nec6 14. a4 Nb4 15. Na3 a6 16. Rc1 f4 17. gxf4 exf4 18. Rxf4 Be5 19. Rxf8+ Qxf8 20. Nd5 Nxd5 21. exd5 Bd7 22. Nc4 Bf4 23. c3 Bxe3 24. Nxe3 Nf5 25. Nxf5 Qxf5 26. Qb3 b5 27. Be4 Qf4 28. Rg1 Bg4 29. Qc2 Bf3+ 30. Bxf3 1/2-1/2

[Event "GBR-ch111 Over 50"]
[Site "Liverpool"]
[Date "2025.08.06"]
[Round "3.17"]
[White "Morrison, Munroe L"]
[Black "Brown, Alan M"]
[Result "0-1"]
[WhiteElo "1806"]
[BlackElo "1935"]
[PlyCount "50"]
[EventDate "2025.08.04"]
[EventType "swiss"]
[EventRounds "7"]
[EventCountry "GBR"]
[SourceTitle "BritBase"]
[Source "John Saunders"]
[SourceDate "2025.08.11"]
[SourceVersion "1"]
[SourceVersionDate "2025.08.11"]
[SourceQuality "1"]

1. e4 e6 2. d4 d5 3. Nd2 Nf6 4. e5 Nfd7 5. Ngf3 c5 6. c3 b6 7. Bd3 Ba6 8. Bxa6 Nxa6 9. O-O Be7 10. Re1 O-O 11. Qe2 Nc7 12. Nf1 Re8 13. a3 c4 14. b3 cxb3 15. Qb2 b5 16. a4 bxa4 17. Rxa4 Nb6 18. Ra1 Nc4 19. Qxb3 a5 20. N1d2 Nxd2 21. Nxd2 Qb8 22. Ba3 Qxb3 23. Nxb3 a4 24. Bxe7 axb3 25. Rab1 Rxe7 0-1

[Event "GBR-ch111 Over 50"]
[Site "Liverpool"]
[Date "2025.08.06"]
[Round "3.18"]
[White "Jennings, Richard"]
[Black "Letton, Rob"]
[Result "1-0"]
[WhiteElo "1926"]
[BlackElo "1711"]
[PlyCount "75"]
[EventDate "2025.08.04"]
[EventType "swiss"]
[EventRounds "7"]
[EventCountry "GBR"]
[SourceTitle "BritBase"]
[Source "John Saunders"]
[SourceDate "2025.08.11"]
[SourceVersion "1"]
[SourceVersionDate "2025.08.11"]
[SourceQuality "1"]

1. d4 Nf6 2. Bf4 e6 3. Nd2 c5 4. c3 b6 5. e3 Bb7 6. Ngf3 cxd4 7. exd4 Be7 8. Bd3 d6 9. Qe2 O-O 10. Rd1 Nbd7 11. h4 Re8 12. Nc4 Qc7 13. Ne3 e5 14. dxe5 dxe5 15. Bg3 Rad8 16. Bc4 Bxf3 17. Qxf3 Qc8 18. O-O Bc5 19. Bb3 Bxe3 20. Qxe3 Nc5 21. Bc2 e4 22. Rxd8 Rxd8 23. Rd1 Rxd1+ 24. Bxd1 Qe6 25. b4 Nd3 26. Bb3 Qc6 27. Qd4 Qd7 28. Qxd7 Nxd7 29. Bd6 Nc1 30. Bc4 a6 31. a4 Nd3 32. Bxa6 N3e5 33. Kf1 f5 34. a5 bxa5 35. bxa5 Kf7 36. Bc8 Nc4 37. Bxd7 Nxa5 38. Bxf5 1-0

[Event "GBR-ch111 Over 50"]
[Site "Liverpool"]
[Date "2025.08.06"]
[Round "3.19"]
[White "Singhal, Saket"]
[Black "Sykes, Chris"]
[Result "1-0"]
[WhiteElo "1613"]
[BlackElo "1903"]
[PlyCount "59"]
[EventDate "2025.08.04"]
[EventType "swiss"]
[EventRounds "7"]
[EventCountry "GBR"]
[SourceTitle "BritBase"]
[Source "John Saunders"]
[SourceDate "2025.08.11"]
[SourceVersion "1"]
[SourceVersionDate "2025.08.11"]
[SourceQuality "1"]

1. e4 c6 2. d4 d5 3. Nc3 g6 4. Be3 Bg7 5. exd5 cxd5 6. Nf3 Bg4 7. Be2 Bxf3 8. Bxf3 e6 9. Ne2 Nc6 10. c3 Nge7 11. Ng3 Rc8 12. Rc1 O-O 13. Qd2 Nf5 14. Nxf5 exf5 15. O-O Rc7 16. g3 Rd7 17. Qc2 Re8 18. Kg2 Rc7 19. Bf4 Rc8 20. Qb3 g5 21. Bxd5 gxf4 22. Bxf7+ Kh8 23. Bxe8 Qxe8 24. Rce1 Qh5 25. f3 fxg3 26. hxg3 b6 27. Qe6 Rg8 28. Qxc6 f4 29. Rh1 Qf5 30. Qe4 1-0

[Event "GBR-ch111 Over 50"]
[Site "Liverpool"]
[Date "2025.08.06"]
[Round "3.20"]
[White "Jaszkiwskyj, Peter"]
[Black "Richards, Simon"]
[Result "1-0"]
[WhiteElo "1889"]
[BlackElo "1697"]
[PlyCount "63"]
[EventDate "2025.08.04"]
[EventType "swiss"]
[EventRounds "7"]
[EventCountry "GBR"]
[SourceTitle "BritBase"]
[Source "John Saunders"]
[SourceDate "2025.08.11"]
[SourceVersion "1"]
[SourceVersionDate "2025.08.11"]
[SourceQuality "1"]

1. d4 e6 2. e4 d5 3. Nd2 Nc6 4. Ngf3 Nf6 5. e5 Nd7 6. c3 f6 7. exf6 Qxf6 8. Bd3 e5 9. dxe5 Ndxe5 10. Be2 Bd6 11. O-O O-O 12. Re1 Bg4 13. h3 Bxh3 14. gxh3 Qf5 15. Kg2 Rf6 16. Nf1 Raf8 17. Qxd5+ Kh8 18. Ng3 Qg6 19. Rf1 Nxf3 20. Bxf3 Rxf3 21. Qxf3 Rxf3 22. Kxf3 Ne5+ 23. Kg2 h5 24. h4 Ng4 25. Bg5 Qc2 26. Rae1 Qxb2 27. Re4 Qxc3 28. Nxh5 Qc6 29. Rfe1 g6 30. Ng3 Ne5 31. f3 Qc3 32. Bf6+ 1-0

[Event "GBR-ch111 Over 50"]
[Site "Liverpool"]
[Date "2025.08.06"]
[Round "3.21"]
[White "Alldritt, Nigel RE"]
[Black "Miller, Jonathan"]
[Result "1-0"]
[WhiteElo "1888"]
[BlackElo "1573"]
[PlyCount "65"]
[EventDate "2025.08.04"]
[EventType "swiss"]
[EventRounds "7"]
[EventCountry "GBR"]
[SourceTitle "BritBase"]
[Source "John Saunders"]
[SourceDate "2025.08.11"]
[SourceVersion "1"]
[SourceVersionDate "2025.08.11"]
[SourceQuality "1"]

1. d4 Nf6 2. c4 g6 3. g3 Bg7 4. Bg2 c6 5. e4 d6 6. Nc3 Nbd7 7. Nf3 O-O 8. O-O e5 9. h3 Ne8 10. dxe5 dxe5 11. Qe2 Nc7 12. Be3 Ne6 13. Qd2 Nb6 14. b3 Qc7 15. Rad1 Rd8 16. Qc1 Nd4 17. c5 Nd7 18. Nxd4 exd4 19. Bxd4 Bxd4 20. Rxd4 Nxc5 21. Rxd8+ Qxd8 22. Qe3 Qe7 23. f4 Bd7 24. b4 Na6 25. a3 Nc7 26. Rd1 a5 27. Qb6 axb4 28. axb4 Ra3 29. Qxc7 Qxb4 30. Qb8+ Kg7 31. Qe5+ Kh6 32. Rxd7 Rxc3 33. Rxf7 1-0

[Event "GBR-ch111 Over 50"]
[Site "Liverpool"]
[Date "2025.08.06"]
[Round "3.22"]
[White "Tuke, David"]
[Black "Thomas, Robert"]
[Result "0-1"]
[WhiteElo "1722"]
[BlackElo "2166"]
[PlyCount "84"]
[EventDate "2025.08.04"]
[EventType "swiss"]
[EventRounds "7"]
[EventCountry "GBR"]
[SourceTitle "BritBase"]
[Source "John Saunders"]
[SourceDate "2025.08.11"]
[SourceVersion "1"]
[SourceVersionDate "2025.08.11"]
[SourceQuality "1"]

1. d4 e6 2. Nf3 d5 3. Bf4 Bd6 4. Bg3 c5 5. c3 Nc6 6. e3 Nf6 7. Nbd2 Qc7 8. Bxd6 Qxd6 9. Bd3 O-O 10. O-O Re8 11. Re1 e5 12. dxe5 Nxe5 13. Nxe5 Rxe5 14. Nf3 Re7 15. h3 Qb6 16. Rb1 a5 17. b3 Ne4 18. Qc2 Qf6 19. Bxe4 dxe4 20. Nh2 Qg5 21. Kh1 Bd7 22. Rbd1 a4 23. bxa4 h5 24. Rd6 Bxa4 25. Qd2 Bb5 26. Rd8+ Re8 27. Rxe8+ Rxe8 28. Qd6 Rd8 29. Qc7 Qd5 30. Nf1 Bc6 31. Ng3 Rd7 32. Qf4 g6 33. a4 Re7 34. a5 Qd2 35. Rg1 Qxc3 36. Qg5 Qe5 37. Qxe5 Rxe5 38. Rc1 Kf8 39. Rc4 Ke7 40. Kh2 Kd6 41. Nh1 Kd5 42. Rc1 c4 0-1

[Event "GBR-ch111 Over 50"]
[Site "Liverpool"]
[Date "2025.08.06"]
[Round "3.23"]
[White "Graff, Ben"]
[Black "Wheeler, Tim"]
[Result "0-1"]
[WhiteElo "1809"]
[BlackElo "1784"]
[PlyCount "90"]
[EventDate "2025.08.04"]
[EventType "swiss"]
[EventRounds "7"]
[EventCountry "GBR"]
[SourceTitle "BritBase"]
[Source "John Saunders"]
[SourceDate "2025.08.11"]
[SourceVersion "1"]
[SourceVersionDate "2025.08.11"]
[SourceQuality "1"]

1. e4 g6 2. d3 Bg7 3. Nd2 c5 4. g3 Nc6 5. Ngf3 e6 6. Bg2 Nge7 7. O-O O-O 8. Re1 d6 9. c3 e5 10. Nf1 h6 11. Ne3 b5 12. a4 b4 13. Bd2 Rb8 14. Qc1 Kh7 15. cxb4 Nxb4 16. Bxb4 Rxb4 17. Qc2 Be6 18. Nc4 Qc7 19. Rab1 Rfb8 20. b3 Nc6 21. Bf1 Bg4 22. Be2 Bxf3 23. Bxf3 Nd4 24. Qd1 Rxb3 25. Rxb3 Rxb3 26. Bg2 Rb4 27. Ne3 Qc6 28. a5 Ra4 29. Nc4 Bf8 30. f4 f6 31. fxe5 dxe5 32. Rf1 Bg7 33. Qd2 Qd7 34. Rb1 Rxc4 35. a6 Rc2 36. Qd1 Qa4 37. Qf1 Qxa6 38. Ra1 Qxa1 39. Qxa1 Rc1+ 40. Qxc1 Ne2+ 41. Kf2 Nxc1 42. Bf1 h5 43. Ke1 Nb3 44. Kd1 Nd4 45. Bg2 Bh6 0-1

[Event "GBR-ch111 Over 50"]
[Site "Liverpool"]
[Date "2025.08.06"]
[Round "3.24"]
[White "Lynch, Chris"]
[Black "Betts, Richard"]
[Result "0-1"]
[WhiteElo "1615"]
[BlackElo "1808"]
[PlyCount "90"]
[EventDate "2025.08.04"]
[EventType "swiss"]
[EventRounds "7"]
[EventCountry "GBR"]
[SourceTitle "BritBase"]
[Source "John Saunders"]
[SourceDate "2025.08.11"]
[SourceVersion "1"]
[SourceVersionDate "2025.08.11"]
[SourceQuality "1"]

1. d4 e6 2. c4 f5 3. Nf3 Nf6 4. Bg5 Bb4+ 5. Nbd2 b6 6. a3 Bxd2+ 7. Qxd2 Bb7 8. e3 d6 9. Be2 Nbd7 10. O-O O-O 11. Rfd1 Qe8 12. Qc2 Be4 13. Qc3 Qh5 14. Bf4 Rae8 15. Re1 Qg6 16. Nh4 Qf7 17. h3 h6 18. Nf3 g5 19. Bh2 g4 20. Nd2 gxh3 21. Nxe4 Nxe4 22. Qd3 hxg2 23. f3 Ng5 24. Kxg2 Kh8 25. Rh1 Rg8 26. Kf2 Rg7 27. Bf4 Rh7 28. Rh2 Rg8 29. Rah1 Qg6 30. Ke1 Nf6 31. Qd1 Nf7 32. Kd2 e5 33. dxe5 dxe5 34. Bxe5 Nxe5 35. Kc1 h5 36. Qd4 Re8 37. f4 Neg4 38. Bxg4 fxg4 39. f5 Qxf5 40. e4 Qf4+ 41. Rd2 Kg8 42. Re1 Rd7 43. Qe3 Qxe3 44. Rxe3 Rxd2 45. Kxd2 Nxe4+ 0-1

[Event "GBR-ch111 Over 50"]
[Site "Liverpool"]
[Date "2025.08.06"]
[Round "3.25"]
[White "Kelly, Richard"]
[Black "Slegg, Gary"]
[Result "1-0"]
[WhiteElo "1787"]
[BlackElo "1622"]
[PlyCount "51"]
[EventDate "2025.08.04"]
[EventType "swiss"]
[EventRounds "7"]
[EventCountry "GBR"]
[SourceTitle "BritBase"]
[Source "John Saunders"]
[SourceDate "2025.08.11"]
[SourceVersion "1"]
[SourceVersionDate "2025.08.11"]
[SourceQuality "1"]

1. d4 c5 2. d5 g6 3. c4 b5 4. cxb5 Bg7 5. Nc3 a6 6. e4 d6 7. Bc4 Nf6 8. Nge2 O-O 9. O-O Nbd7 10. f4 Nb6 11. Bd3 c4 12. Bc2 axb5 13. Nxb5 Ba6 14. Nbc3 Qc7 15. Kh1 Rfd8 16. Nd4 Nfd7 17. Be3 Qc5 18. Nf5 Qc7 19. Nxg7 Kxg7 20. Bd4+ f6 21. Rf3 Nc8 22. Rg3 Kf7 23. Qg4 Na7 24. Qe6+ Kg7 25. Qxe7+ Kg8 26. Bxf6 1-0